| 000 | 00515nam a2200181Ia 4500 | ||
|---|---|---|---|
| 008 | 090124s9999 xx 000 0 und d | ||
| 082 | _b20532 | ||
| 100 | _aआपटे हरि नारायण | ||
| 245 | _a वज्राघात | ||
| 250 | _a3 | ||
| 260 | _c1967 | ||
| 300 | _a15+372 | ||
| 600 | _aआपटे हरि नारायण | ||
| 630 | _a वज्राघात | ||
| 700 | _aआपटे हरि नारायण | ||
| 730 | _a वज्राघात | ||
| 942 | _cBOOK | ||
| 999 |
_c134337 _d134337 |
||